INTENTION TO PATRONAGE HALAL RESTAURANTS AMONG MALAYSIAN MUSLIMS AN ISSUE OF HALAL PERCEPTION (Record no. 832)

MARC details
000 -LEADER
fixed length control field 01016nam a22002651u 4500
001 - CONTROL NUMBER
control field 03446
003 - CONTROL NUMBER IDENTIFIER
control field HDC
007 - PHYSICAL DESCRIPTION FIXED FIELD--GENERAL INFORMATION
fixed length control field cr bn ---
008 - FIXED-LENGTH DATA ELEMENTS--GENERAL INFORMATION
fixed length control field 210106p2008 my fo d 00 g
040 ## - CATALOGING SOURCE
Original cataloging agency HDC
100 ## - MAIN ENTRY--PERSONAL NAME
Personal name Tawfik Salah Mohammed Ben Bisher AL-Nahdi
Relator term author
9 (RLIN) 2797
245 #0 - TITLE STATEMENT
Title INTENTION TO PATRONAGE HALAL RESTAURANTS AMONG MALAYSIAN MUSLIMS AN ISSUE OF HALAL PERCEPTION
Statement of responsibility, etc. by Tawfik Salah Mohammed Ben Bisher AL-Nahdi
260 ## - PUBLICATION, DISTRIBUTION, ETC.
Place of publication, distribution, etc. Malaysia:
Name of publisher, distributor, etc. Universiti Sains Malaysia,
Date of publication, distribution, etc. 2008
300 ## - PHYSICAL DESCRIPTION
Extent 38 pages
336 ## - CONTENT TYPE
Content type term text
Source rdacontent
337 ## - MEDIA TYPE
Media type term computer
Source rdamedia
338 ## - CARRIER TYPE
Carrier type term online resources
Source rdacarrier
650 ## - SUBJECT ADDED ENTRY--TOPICAL TERM
Topical term or geographic name entry element Business
General subdivision Religious aspects--Islam
9 (RLIN) 2799
650 ## - SUBJECT ADDED ENTRY--TOPICAL TERM
Topical term or geographic name entry element Halal industry
Geographic subdivision Malaysia
9 (RLIN) 204
650 ## - SUBJECT ADDED ENTRY--TOPICAL TERM
Topical term or geographic name entry element Halal restaurants
General subdivision Islam
Geographic subdivision Malaysia
9 (RLIN) 2798
856 ## - ELECTRONIC LOCATION AND ACCESS
Public note Request full-text at [email protected]
942 ## - ADDED ENTRY ELEMENTS (KOHA)
Source of classification or shelving scheme Library of Congress Classification
942 ## - ADDED ENTRY ELEMENTS (KOHA)
Koha item type Electronic Sources
942 ## - ADDED ENTRY ELEMENTS (KOHA)
Call number prefix REPT 000083
Holdings
Withdrawn status Lost status Source of classification or shelving scheme Damaged status Not for loan Home library Current library Shelving location Date acquired Total checkouts Full call number Date last seen Price effective from Koha item type
    Library of Congress Classification     Halal Development Corporation Library Halal Development Corporation Library Open Shelves 24/05/2023   REPT 000083 24/05/2023 24/05/2023 Electronic Sources
Halal Development Corporation Berhad (HDC)
5.02 Level 5, KPMG Tower, First Avenue, Persiaran Bandar Utama, 47800 Petaling Jaya, Selangor Darul Ehsan
Phone: +603 7965 5489 Email: [email protected]